| 000 | 01005cam a22002655i 4500 | ||
|---|---|---|---|
| 003 | EG-CaNGU | ||
| 005 | 20240129113251.0 | ||
| 008 | 221017t1997 maua frb 001 0 eng d | ||
| 020 | _a9780262531504 | ||
| 040 |
_aDLC _cDLC _dDLC _dEG-CaNGU _beng _erda |
||
| 082 | 0 | 4 |
_a392.36 _bCLH _223 |
| 100 | 1 |
_aCline, Ann, _eauthor. _94481 |
|
| 245 | 1 | 2 |
_aA hut of one's own : _blife outside the circle of architecture / |
| 264 | 1 |
_aCambridge, Massachusetts : _bThe MIT Press, Massachusetts Institute of Technology, _c[1997] |
|
| 264 | 4 | _c©1997 | |
| 300 |
_axiii, 153 pages : _billustrations ; _c22 cm |
||
| 336 |
_atext _btxt _2rdacontent |
||
| 337 |
_aunmediated _bn _2rdamedia |
||
| 338 |
_2rdacarrier _bnc _avolume |
||
| 504 | _aIncludes bibliographical references and index. | ||
| 650 | 7 |
_aDwellings _xpsychological aspects. _2NGU-sh _94483 |
|
| 650 | 7 |
_aVernacular architecture _xpsychological aspects. _2NGU-sh _94484 |
|
| 650 | 7 |
_aHuts. _2NGU-sh _94482 |
|
| 999 |
_c1429 _d1429 |
||